Netzplantechnik : Theorie und Praxis /
Saved in:
| Main Author: | |
|---|---|
| Format: | Book |
| Language: | German |
| Published: |
Leipzig :
VEB Fachbuchverlag,
1971
|
| Tags: |
No Tags, Be the first to tag this record!
|
MARC
| LEADER | 00000nam a22000003a 4500 | ||
|---|---|---|---|
| 001 | stu36523 | ||
| 005 | 20150617225727.2 | ||
| 008 | 920610s1971----gw------------------ger-d | ||
| 040 | |a STU |b slo | ||
| 041 | 0 | |a ger | |
| 044 | |a gw | ||
| 100 | 1 | |a Götzke, Horst |4 aut | |
| 245 | 1 | |a Netzplantechnik : |b Theorie und Praxis / |c [aut.]Horst Götzke | |
| 260 | |a Leipzig : |b VEB Fachbuchverlag, |c 1971 | ||
| 300 | |a 260 s | ||
| 996 | |b 284M012411 |c M*5519-1 |l MMKN |s A |a 24 |w stu36523_0001 | ||